00365nam a2200133Ia 4500008004100000020001400041041000800055082000800063100001900071245003300090260005700123300001900180650003200199230511s1905 xx 000 0 und d a1536-6596 aeng a790 aAllen C.W. -ED a100 Best Vintage Photographs aUSAbNational Geographic Society ,Griffin J.Q.c1905 a120PB 27X22 cm aFundamentals of Photography